Movies Quiz

Random Movies or Football Quiz

15 Best Football Movies Quiz Stats

 Plays Quiz not verified by Sporcle

Also try: 2010s Movies A-Z
Challenge
Share
Tweet
Embed
Score 0/15 Timer 06:00
0 Plays Today
Year Movie % Correct
2000Remember the Titans
95%
2009The Blind Side
91.8%
1974The Longest Yard
88.3%
1993Rudy
86.6%
1999Any Given Sunday
84%
2004Friday Night Lights
79.3%
2006We Are Marshall
78.7%
1996Jerry Maguire
71.7%
Year Movie % Correct
1993The Program
45.2%
1983All the Right Moves
43.4%
1971Brian's Song
42.9%
1979North Dallas Forty
34.7%
1978Heaven Can Wait
32.1%
1988Everybody's All American
22.4%
1940Knute Rockne All American
21%

You're not logged in!

Compare scores with friends on all Sporcle quizzes.
OR
Log In

You Might Also Like...

Show Comments

Extras

Top Quizzes Today


Score Distribution

Your Account Isn't Verified!

In order to create a playlist on Sporcle, you need to verify the email address you used during registration. Go to your Sporcle Settings to finish the process.

Report this User

Report this user for behavior that violates our Community Guidelines.

Details: